00491nam a22001457a 450000500170000000800410001702000220005805000190008010000200009924500750011926000360019430000100023050000440024065000610028420251201142612.0251201b |||||||| |||| 00| 0 eng d a978-81-7371-756-7 aRS 91.T49 2012 aPARTHASARATHI G aA TEXTBOOK OF CLINICAL PHARMACY PRACTICE ESSENTIAL CONCEPTS AND SKILLS aINDIAbUNIVERSITIES PRESSc2012 aX,577 aINCLUDES APPENDICES, GLOSSARY AND INDEX aClinical pharmacy-textbooks Pharmacy practice- textbooks